| 000 | 00475nam a22001937a 4500 | ||
|---|---|---|---|
| 003 | OSt | ||
| 005 | 20170306153015.0 | ||
| 008 | 170306b xxu||||| |||| 00| 0 eng d | ||
| 010 | _a2009942967 | ||
| 020 | _a9781429246699 | ||
| 020 | _a1429246693 | ||
| 020 | _a9781429246668 | ||
| 020 | _a1429246669 | ||
| 040 | _cRU | ||
| 100 | _aJay Phelan | ||
| 245 | _aWhat is life, a guide to Biology with Physiology | ||
| 260 |
_aNewyork _bW.H. Freeman _c2011 |
||
| 942 |
_2lcc _cBK |
||
| 999 |
_c256051 _d256050 |
||